Music Quiz

Random Music or Food Quiz

More Musical Artist Cakes Quiz Stats

 Plays Quiz Updated Jun 1, 2016

Challenge
Share
Tweet
Score 0/20 Timer 06:00
1 Play Today
% Correct
Michael Jackson
96.1%
The Rolling Stones
95.1%
Queen
80.1%
Pink Floyd
78.4%
Alice Cooper
73.4%
Johnny Cash
72.5%
Stevie Wonder
70.6%
Dolly Parton
70.4%
Britney Spears
69.7%
The Doors
69.3%
% Correct
Green Day
64.4%
deadmau5
48.6%
Tina Turner
44.6%
John Lennon
44.6%
Led Zeppelin
32.2%
Blink-182
25.4%
Iron Maiden
24.6%
Van Halen
23.9%
Misfits
23.7%
Blur
22.7%

You're not logged in!

Compare scores with friends on all Sporcle quizzes.
Join for Free
OR
Log In

You Might Also Like...

Show Comments

Extras

Top Quizzes Today


Score Distribution

Your Account Isn't Verified!

In order to create a playlist on Sporcle, you need to verify the email address you used during registration. Go to your Sporcle Settings to finish the process.

Report this User

Report this user for behavior that violates our Community Guidelines.

Details: